|
|
|
|
| LEADER |
00897nam a22002537a 4500 |
| 001 |
31950 |
| 003 |
BD-DhAAL |
| 005 |
20180313100213.0 |
| 008 |
171211s2014 ru ||||| |||| 00| 0 rus d |
| 999 |
|
|
|c 38813
|d 38813
|
| 020 |
|
|
|a 9785779324342
|
| 040 |
|
|
|a BD-DhAAL
|
| 082 |
|
|
|a 891.71
|2 23
|
| 100 |
|
|
|a Manevich, I A
|9 24232
|
| 245 |
|
|
|a Krym :
|b volshebnyĭ kraĭ, ocheĭ otrada! /
|c A A Kosolapov
|
| 260 |
|
|
|a Moskva :
|b Belyĭ gorod,
|c [2014?]
|
| 300 |
|
|
|a 63 pages :
|b color illustrations ;
|c 29 cm.
|
| 526 |
|
|
|a AAL
|
| 541 |
|
|
|a Complementary copy from BIL
|e 31950
|
| 650 |
|
|
|a Russian literature
|9 24233
|
| 650 |
|
|
|a Poetry
|9 24234
|
| 852 |
|
|
|a Ayesha Abed Library
|c General Stacks
|
| 942 |
|
|
|2 ddc
|c BK
|
| 952 |
|
|
|0 0
|1 0
|2 ddc
|4 0
|6 891_710000000000000_MAN
|7 0
|9 62276
|a BRACUL
|b BRACUL
|c GEN
|d 2017-12-11
|e Complementary copy from BIL
|l 2
|m 17
|o 891.71 MAN
|p 3010031950
|r 2024-01-02
|s 2023-09-04
|t 1
|w 2017-12-11
|y BK
|